| 000 | 00787nam a22002177a 4500 | ||
|---|---|---|---|
| 999 |
_c14674 _d14674 |
||
| 003 | AR-CdUCM | ||
| 008 | 190409b ||||| |||| 00| 0 spa d | ||
| 020 | _a978-958-766-704-2 | ||
| 040 |
_aMUNICIPALIDAD PROVINCIAL DEL CUSCO _cBIBLIOTECA MUNICIPAL DEL CUSCO |
||
| 082 |
_aPI / 567.91 / _bM22 |
||
| 100 |
_aManning, Phil _933536 |
||
| 245 | _aGuerra de dinosaurios / | ||
| 260 |
_aChina : _bPanamericana editorial, _c2015. |
||
| 300 |
_c29 cm. _a80 páginas ; |
||
| 505 | _aContenido :Nacen los dinosaurios -- Dinosaurios peligrosos -- Cazadores y cazados -- Cazadores en manada -- Batalla de titanes ... | ||
| 650 |
_aCuentos _9217 |
||
| 650 |
_aHistorias _92725 |
||
| 700 |
_aMerino Peláez, Juan Fernando (traducción) _933537 |
||
| 942 |
_2ddc _cLIBROS |
||
| 945 |
_arum _d2019-04-24 |
||